|
|
|
|
| LEADER |
00000nab#a22000007a#4500 |
| 001 |
arbauad019008 |
| 003 |
AR-BaUAD |
| 005 |
20250711111653.0 |
| 008 |
960423|||||||||###||||||b###|0###a|spa|| |
| 040 |
|
|
|a AR-BaUAD
|c AR-BaUAD
|b spa
|
| 100 |
|
|
|a Barnett, Jonathan
|
| 245 |
|
|
|a In the public interest :
|b design guidelines /
|c Jonathan Barnett;
|
| 300 |
0 |
|
|b axonom., fot., plantas
|
| 653 |
|
|
|a TEORIA
|
| 653 |
|
|
|a ARQUITECTURA
|
| 653 |
|
|
|a PLANIFICACION URBANA
|
| 773 |
0 |
|
|t ARCHITECTURAL RECORD
|g [jul. 1987], p. 114-125
|
| 942 |
|
|
|c ARTI
|
| 952 |
|
|
|0 0
|1 0
|4 0
|7 0
|9 63928
|a AR-BAuAD
|b AR-BAuAD
|d 2025-07-11
|l 0
|p AAQA019008
|r 2025-07-11 11:16:53
|w 2025-07-11
|y ARTI
|
| 990 |
|
|
|a AQ198
|b TD
|
| 998 |
|
|
|a AAQ
|b BIBUN76
|
| 999 |
|
|
|c 43601
|d 43601
|